01982nam a2200277 i 4500001001000000003000900010005001700019007000300036008004100039040003000080041000800110082002300118100004500141245003100186264004400217300002800261336002700289337003300316338002800349490003000377505114700407650002401554650002701578651005301605651004601658000030715DO-SdBNP20250930090134.0ta090122s1974 dr 000 e spa d aDO-SdBNPbspacBNPHUerda aspa aRD864.44bZ18a2221 aZaglul, Antonio,d1920-1996eautor4aut.10aApuntes /cAntonio Zaglul. 1aSanto Domingo :bEditora Taller,c1974. a132 páginas ;c22 cm. atextobtxt2rdacontent asin mediaciónbn2rdamedia avolumenbnc2rdacarrier1 aBiblioteca Taller ;v29 ;0 tDedicatoria -- Del Dr. Herbert A. Carroll -- De Franklin Mieses Burgos -- Apuntes sobre los apuntes -- Brevísima y traumatizante historia de un pueblo -- Apuntes para la etnografía dominicana -- "El gancho": la paranoia del dominicano -- La sub-estimación de lo nuestro I -- La sub-estimación de lo nuestro II -- El dominicano y su lenguaje -- Cultura y nacionalismo -- Alimentación y malos hábitos alimentarios -- El dominicano y su comida -- Nuestras cosas perdidas -- El dominicano y su pena -- Ah no. Yo no sé, no... y el "no me doy cuenta" -- Jaragua motors, Polanco radio and the rent cars -- El dominicano, turista y geógrafo -- Requiem por mis perros -- ¿Quién nos cuida? -- ¿Somos malhumorados? -- Un querer mejor para nuestras cosas -- El arte de despotricar un país -- Complejo de isleño -- Caja de resonancia -- Son santiagueros, no santiaguenses -- Un dominicano es siempre un dominicano -- ¿Bovarismo nuestro? -- Nuestro productos -- Estar chivo y bronco, ¿es paranoia? -- Dominicano es un vocablo no dominicano -- El sifilazo -- Somos pesimistas -- El regreso a las cavernas -- Red beach -- Colofón. 0aEnsayos dominicanos 0aLiteratura dominicana. 4aRepública DominicanaxVida Social Y Costumbres 4aRepública DominicanaxAspectos Sociales